| 000 | 00429nam a2200169Ia 4500 | ||
|---|---|---|---|
| 005 | 20240417043450.0 | ||
| 008 | 240331s9999 xx 000 0 und d | ||
| 020 | _a9559102400 | ||
| 082 |
_bHec. _a324.23 |
||
| 100 | _aAbhayavardhana, Hector. | ||
| 245 | 0 | _aSelected Writings | |
| 260 |
_aColombo : _bSocial Scientists' Association / _c2001. |
||
| 300 | _avi, 415 p ., | ||
| 650 | _aSocial | ||
| 650 | _aPolitical | ||
| 942 | _cL | ||
| 999 |
_c2246 _d2246 |
||